000 00746nam a22002177a 4500
999 _c725
_d725
003 AR-CdUCM
008 190225b ||||| |||| 00| 0 spa d
040 _aMUNICIPALIDAD PROVINCIAL DEL CUSCO
_cBIBLIOTECA MUNICIPAL DEL CUSCO
082 _22ed.
_a823 /
_bM27
100 _aMason, Richard
_92779
245 _aEl mundo de Suzie Wong /
260 _aBuenos Aires :
_bGuillermo Kraft,
_c1958.
300 _a336 páginas.
_c20 cm.
500 _aEl tema principal es la colisión de dos culturas vista a través de una historia clásica de amor prácticamente imposible.
650 _aRobert Lomax
_92780
650 _aHong Kong
_92781
650 _aNovela
_95
700 _aFranco, Ada Emma
_92782
942 _2ddc
_cLIBROS
945 _aafb
_d2019-02-25